000 00398 a2200157 4500
001 46519
020 _a9788561521608
040 _cAnchieta - Aquarius
100 _aSilva, Gonçalo Ferreira da
240 1 0 _a/Mecânica
_lpor
245 1 0 _a/Mecânica
300 _a
362 0 _a2011
650 4 _aPessoas em literatura, história, biografia, genealogia (incluindo historiadores)
942 _cBK
999 _c46519
_d46519